Visualizzazione normale
Vista MARC
- Barthet
di Personal Name
Records bibliografici associati: 1
001 - CONTROL NUMBER
- control field: 34594
003 - CONTROL NUMBER IDENTIFIER
- control field: IT-RoPau
005 - DATE AND TIME OF LATEST TRANSACTION
- control field: 20150523225134.0
008 - FIXED-LENGTH DATA ELEMENTS
- fixed length control field: 150523|| aca||aabn | a|a d
040 ## - CATALOGING SOURCE
- Original cataloging agency: IT-RoPau
- Transcribing agency: IT-RoPau
100 ## - HEADING--PERSONAL NAME
- Personal name: Barthet
670 ## - SOURCE DATA FOUND
- Source citation: Work cat.: (IT-RoPau)13918: Tonna 34593, Il Salterio nelle recite dell’ufficio divino.